Investment management (Record no. 16430)

MARC details
000 -LEADER
fixed length control field 00441nam a2200169Ia 4500
008 - FIXED-LENGTH DATA ELEMENTS--GENERAL INFORMATION
fixed length control field 230917s9999||||xx |||||||||||||| ||und||
020 ## - ISBN
Price RS140
040 ## - CATALOGING SOURCE
-- 228814
Original cataloging agency VIVEKANANDA LIBRARY
041 ## - Language
-- English
082 ## - DDC NUMBER
Classification number 658.152 G959I
100 ## - MAIN ENTRY--PERSONAL NAME
Personal name Gupta, Shashi K
245 #0 - TITLE STATEMENT
Title Investment management
260 ## - PUBLICATION, DISTRIBUTION, ETC. (IMPRINT)
Place of publication, distribution, etc Ludhiana
Name of publisher, distributor, etc Kalyani Publishers
Date of publication, distribution, etc 2015
300 ## - PHYSICAL DESCRIPTION
Pages v. p.
500 ## - GENERAL NOTE
General note 2159 12/10/2015 HBD15/1001 17/11/2015 Main Budget
942 ## - ADDED ENTRY ELEMENTS (KOHA)
Koha item type Books
Holdings
Withdrawn status Lost status Damaged status Not for loan Location (home branch) Sublocation or collection (holding branch) Date acquired Koha issues (times borrowed) Koha full call number Accession No. Koha date last seen Koha item type Source of classification or shelving scheme
        VIVEKANANDA LIBRARY VIVEKANANDA LIBRARY 14/01/2016   658.152 G959I 350836 17/09/2023 Books  
Withdrawn Lost and paid for     VIVEKANANDA LIBRARY VIVEKANANDA LIBRARY 14/01/2016   658.152 G959I 350837 17/09/2023 Books Dewey Decimal Classification
        VIVEKANANDA LIBRARY VIVEKANANDA LIBRARY 14/01/2016 1 658.152 G959I 350838 30/12/2025 Books  
© Designed and Maintained by Vivekananda Library, MDU Rohtak